000 00883nam a2200253Ia 4500
003 OSt
005 20220925191350.0
006 a|||||r|||| 00| 0
007 ta
008 220923b |||||||| |||| 00| 0 eng d
037 _cGeneral Book
040 _aRTL
_cRTL
_beng
041 _2eng
_aeng
082 _aX9(M7):1, 243s.N69t4, K9
110 _aIndia Textiles (Committee) Market Research Division
_9241705
245 0 _aConsumer survey in Ludhiana
260 _aBombay
_bIndia Textiles (Committee) Market Research Division India
_c1969
300 _a161p.
_ccm.
490 _aIndia Foreign Trade and supply publicaiton. Its surveys in textile trends 12
650 _aTextile Industry
_9185820
700 _aIndia Textiles (Committee) Market Research Division
_9241706
942 _hX9(M7):1, 243s.N69t4, K9
_cGB
_2CC
999 _c518131
_d518131